000 006360000a22001810004500
003 MACL
005 20160731151735.0
008 160731b xxu||||| |||| 00| 0 eng d
040 _aMACL
_cMACL
041 _aHindi
082 _a340 BAB
100 _aबाबेल, बसन्‍तीलाल
_933725
245 _aग्राम न्‍यायालय अधिनियम, 2008
_bक्रमांक 4 सऩ 2009
_cबसन्‍तीलाल बाबेल
260 _aभोपाल
_bसुविधा लॉ हाउस
_c2010
350 _a100
650 _aलॉ
_933609
942 _cHIN
_k340
_2ddc
999 _c48562
_d48562